01341nam a2200301 a 4500001001200000003000800012006001900020007001500039008004100054020001800095020002700113040002100140035002100161050002300182245017900205260006900384300001100453504004100464533015200505600004900657650007300706650002900779655002900808700002100837710003800858710001700896856012600913ebr10567318CaPaEBRm u cr cn|||||||||120613s2009 enk sb 100 0deng d z9781847601049 z9781847601018 (e-book) aCaPaEBRcCaPaEBR a(OCoLC)67175653314aPR457b.G37 2009eb00aGrasmere 2008h[electronic resource] :bselected papers from the Wordsworth Summer Conference /ccompiled by Richard Gravil on behalf of The Wordsworth Conference Foundation. aTirril [England] ;aPenrith, Calif. :bHumanities-Ebooks,c2009. a212 p. aIncludes bibliographical references. aElectronic reproduction.bPalo Alto, Calif. :cebrary,d2011.nAvailable via World Wide Web.nAccess may be limited to ebrary affiliated libraries.10aWordsworth, William,d1770-1850vCongresses. 0aEnglish literaturey19th centuryxHistory and criticismvCongresses. 0aRomanticismvCongresses. 7aElectronic books.2local1 aGravil, Richard.2 aWordsworth Conference Foundation.2 aebrary, Inc.40uhttp://site.ebrary.com/lib/rucke/Doc?id=10567318zAn electronic book accessible through the World Wide Web; click to view